000 00577nam a2200181Ia 4500
008 090123s9999 xx 000 0 und d
082 _b13899
_a891.463/वाडकर
100 _aवाडकर वसंत
245 _aदुभंगलेलं आकाश
250 _a1
260 _bचैतन्य साहित्य
300 _a278
600 _aवाडकर वसंत
630 _aदुभंगलेलं आकाश
700 _aवाडकर वसंत
730 _aदुभंगलेलं आकाश
942 _cBOOK
999 _c51961
_d51961